| 000 -ლიდერი |
| ფიქსირებული სიგრძის საკონტროლო ველი |
01748nam a22002537a 4500 |
| 003 - საკონტროლო ნომრის იდენტიფიკატორი |
| საკონტროლო ველი |
Ge_BSU |
| 005 - ბოლო ოპერაციის თარიღი და დრო |
| საკონტროლო ველი |
20230213123429.0 |
| 008 - ფიქსირებული სიგრძის მონაცემთა ელემენტები - ზოგადი ინფორმაცია |
| ფიქსირებული სიგრძის საკონტროლო ველი |
230213s2001 ge ||||| |||| 00| 0 geo d |
| 020 ## - წიგნის საერთაშორისო სტანდარტული ნომერი |
| International Standard Book Number |
9992881836 |
| 041 ## - ენის კოდი |
| Language code of text/sound track or separate title |
geo |
| 080 ## - უნივერსალური ათობითი კლასიფიკაციის ინდექსი |
| Universal Decimal Classification number |
34(035) ი-95 |
| 245 ## - ცნობა სათაურის შესახებ |
| Title |
იურისტის რჩევები : |
| Remainder of title |
[დამხმ. სახელმძღვ. სამართლ. პრობლემების გადაწყვეტისათვის / |
| Statement of responsibility, etc |
ავტ. ჯგუფი: ზურაბ მარაქველიძე, ნინო ბაქაქური, დიანა ბერეკაშვილი, ნინო ელიეშვილი და სხვ. ; რედ.: ირაკლი სესიაშვილი, მაია მენაღარიშვილი] ; საქ. ახალგ. იურისტთა ასოციაცია. |
| 264 ## - წარმოების, გამოცემის, დისტრიბუციის და სხვა ცნობები |
| გამოცემის, წარმოების, დისტრიბუციის... ადგილი |
თბილისი, |
| გამოცემის, წარმოების, დისტრიბუციის... თარიღი |
2001. |
| 300 ## - ფიზიკური აღწერა |
| Extent |
276 გვ. ; |
| Other physical details |
21 სმ. |
| 653 ## - INDEX TERM--UNCONTROLLED |
| Uncontrolled term |
სამართალი -- ცნობარები |
| 653 ## - INDEX TERM--UNCONTROLLED |
| Uncontrolled term |
იურიდიული ცნობარები |
| 700 ## - ADDED ENTRY--PERSONAL NAME |
| Personal name |
მარაქველიძე, ზურაბ |
| Relator term |
ავტორი |
| 9 (RLIN) |
16892 |
| 700 ## - ADDED ENTRY--PERSONAL NAME |
| Personal name |
ბექაური, ნინო |
| Relator term |
ავტორი |
| 9 (RLIN) |
16893 |
| 700 ## - ADDED ENTRY--PERSONAL NAME |
| Personal name |
ბერეკაშვილი, ნინო |
| Relator term |
ავტორი |
| 9 (RLIN) |
16894 |
| 700 ## - ADDED ENTRY--PERSONAL NAME |
| Personal name |
ელიეშვილი, ნინო და სხვ. |
| Relator term |
ავტორი |
| 9 (RLIN) |
16895 |
| 700 ## - ADDED ENTRY--PERSONAL NAME |
| Personal name |
სესიაშვილი, ირაკლი |
| Relator term |
რედაქტორი |
| 9 (RLIN) |
16896 |
| 710 ## - ADDED ENTRY--CORPORATE NAME |
| Corporate name or jurisdiction name as entry element |
საქართველოს ახალგ. იურისტთა ასოციაცია |
| 9 (RLIN) |
16897 |
| 942 ## - ADDED ENTRY ELEMENTS (KOHA) |
| Source of classification or shelving scheme |
|
| Koha item type |
წიგნი |